000
00321nam a22001457a 4500
008
231124b ||||| |||| 00| 0 eng d
020
_a
9780941423861
041
_a
eng
080
_a
618
082
_a
618CHA
100
_a
15
101
_a
GJINEK
245
_a
A WOMAN.S BOOK OF CHOICES
_c
CHALKER.R
942
_2
udc
_c
BK
999
_c
60515
_d
60515